Welcome to WEB OPAC of MRSPTU Central Library

Municipal Solid Waste Management (Record no. 10457)

MARC details
000 -LEADER
fixed length control field 00450nam a22001937a 4500
003 - CONTROL NUMBER IDENTIFIER
control field OSt
005 - DATE AND TIME OF LATEST TRANSACTION
control field 20241120152138.0
008 - FIXED-LENGTH DATA ELEMENTS--GENERAL INFORMATION
fixed length control field 241120b |||||||| |||| 00| 0 eng d
040 ## - CATALOGING SOURCE
Transcribing agency MRSPTU
041 ## - LANGUAGE CODE
Language code of text/sound track or separate title ENG
082 ## - DEWEY DECIMAL CLASSIFICATION NUMBER
Classification number 363.720
Item number BA-M
100 ## - MAIN ENTRY--PERSONAL NAME
Personal name Bandela N.N.
245 ## - TITLE STATEMENT
Title Municipal Solid Waste Management
250 ## - EDITION STATEMENT
Edition statement Ed. 1st
260 ## - PUBLICATION, DISTRIBUTION, ETC.
Place of publication, distribution, etc. Delhi
Name of publisher, distributor, etc. B.R. Pub. Corp.
Date of publication, distribution, etc. 2009
300 ## - PHYSICAL DESCRIPTION
Extent 162
700 ## - ADDED ENTRY--PERSONAL NAME
Personal name Tare D.G.
942 ## - ADDED ENTRY ELEMENTS (KOHA)
Source of classification or shelving scheme Dewey Decimal Classification
Koha item type Book
Suppress in OPAC No
Holdings
Withdrawn status Lost status Source of classification or shelving scheme Damaged status Not for loan Home library Current library Date acquired Total checkouts Full call number Barcode Date last seen Price effective from Koha item type
    Dewey Decimal Classification     MRSPTU Central Library MRSPTU Central Library 11/20/2024   363.720 BA-M 41874 11/20/2024 11/20/2024 Book
    Dewey Decimal Classification     MRSPTU Central Library MRSPTU Central Library 11/20/2024   363.720 BA-M 41875 11/20/2024 11/20/2024 Book
    Dewey Decimal Classification     MRSPTU Central Library MRSPTU Central Library 11/20/2024   363.720 BA-M 41876 11/20/2024 11/20/2024 Book
    Dewey Decimal Classification     MRSPTU Central Library MRSPTU Central Library 11/20/2024   363.720 BA-M 41877 11/20/2024 11/20/2024 Book
    Dewey Decimal Classification     MRSPTU Central Library MRSPTU Central Library 11/20/2024   363.720 BA-M 41878 11/20/2024 11/20/2024 Book

Website Designed and Developed by MRSPTU Central Library Team

E-mail Id: librarian@mrsptu.ac.in